Les prénoms qui ont un sens initiale L - Statistiques

Statistiques générales
  • Ce quiz a été pris 82 fois
  • Le résultat moyen est 9 sur 20
Statistiques - réponses
Sens Sexe Prénom Célébrité ou Personnage % Correct
Lion M Léon Gambetta
86%
Lionne F Léa Salamé
82%
Lion courageux M Léonard De Vinci
82%
Glorieux M Louis Lépine
78%
Couronné de lauriers M Laurent Fabius
76%
Lumière M Luc Alphand
76%
Douce F Lara Fabian
71%
Dieu est plénitude M Lilian Renaud
64%
Lys F Liliane Bettencourt
51%
Illustre au combat M Lewis Hamilton
46%
D'un pays brillant M Lambert Wilson
39%
Bonne lumière F Louane Emera
36%
Brillant M Lucas Cranach
35%
Illustre M Ludovic Halévy
21%
Casque M Liam Cunningham
13%
Douce amie F Ludivine Jacquinot
13%
Homme-lion M Léandre Bassano
8%
Roi d'un pays M Landry Bonnefoi
3%
Dieu a secouru M Lazare Carnot
1%
Brillante F Léocadie Doze
0%
Aucun quiz correspondant
Distribution des résultats
% des personnes avec chaque résultat
Percentile par nombre de réponses
Votre historique - résultats
Vous n’avez pas pris ce quiz